000 00598nam a2200205 a 4500
005 20210219152856.0
008 991125n 000 0 spa u
035 _aUPN01000064684
100 _aGAMERO MERINO, Carmela, 1952-
222 _aREVISTA ESPAÑOLA DE PEDAGOGIA
245 _aAproximación a la labor pedagógica de María de Maeztu
300 _a111-135
362 _a1985 Año 43, no. 167, ene.-mar.
653 0 _aEDUCACION DE MUJERES
653 0 _aESPAÑA
653 0 _aMAESTROS
653 0 _aMAEZTU WITHNEY, María de, 1882-1948
904 _aAC
_b002495
905 _aArticulo
999 _c62680
_d62680